Statistics for Best Selling Liquor Brands

Click here to take the quiz!

General Stats

  • This quiz has been taken 53 times
  • The average score is 2 of 10

Answer Stats

Amount (millions of cases)TypeAnswer% Correct
25.5VodkaSmirnoff
71%
17.4WhiskeyJohnnie Walker
54%
17.23RumBacardi
50%
28BrandyEmperador
4%
71.97SojuJinro
4%
18.01WhiskeyImperial Blue
2%
25.5Whiskey, brandy, rumMcDowell's No 1
2%
32.85WhiskeyOfficer's Choice
2%
17.99WhiskeyRoyal Stag
2%
16.6RumTanduay
2%

Score Distribution

Percentile by Number Answered

Percent of People with Each Score

Your Score History

You have not taken this quiz